Yesterday and Today in the USA : Intermediate ESL Reader /

Shranjeno v:
Bibliografske podrobnosti
Glavni avtor: Live, Anna Harris.
Format: Sách giấy
Jezik:English
Izdano: Englewood Cliffs, New Jersey : Prentice-Hall , 1992.
Teme:
Oznake: Označite
Brez oznak, prvi označite!
Thư viện lưu trữ: Thư viện Trường Đại học Đà Lạt
LEADER 00684nam a2200265 4500
001 DLU020016076
005 ##20001030
020 # # |a 978- 
041 # # |a eng 
082 # # |a 428.6  |b LI-A 
100 # # |a Live, Anna Harris. 
245 # # |a Yesterday and Today in the USA :  |b Intermediate ESL Reader /  |c Live Anna Harris. 
260 # # |a Englewood Cliffs, New Jersey :  |b Prentice-Hall ,  |c 1992. 
300 # # |a 270 tr.;   |c 24 cm. 
653 # # |a English language 
653 # # |a Textbooks for foreign speakers 
992 # # |a 15000 
994 # # |a DLU 
900 # # |a False 
911 # # |a Administrator 
925 # # |a G 
926 # # |a A 
927 # # |a SH 
980 # # |a Thư viện Trường Đại học Đà Lạt